[Event "Leverkusen-ch 15th"]
[Site "Leverkusen"]
[Date "2003.02.03"]
[Round "3"]
[White "Ditzler, Detlev"]
[Black "Teuber, Alfons"]
[Result "1-0"]
[WhiteElo "1480"]
[BlackElo "1205"]
[PlyCount "25"]
[EventDate "2003.01.06"]
[EventType "swiss"]
[EventRounds "9"]
[EventCountry "GER"]
[SourceTitle "EXT 2006"]
[Source "ChessBase"]
[SourceDate "2005.11.24"]
[SourceVersion "1"]
[SourceVersionDate "2005.11.24"]
[SourceQuality "1"]

1. c4 e5 2. Nc3 Nf6 3. Nf3 Nc6 4. g3 Bc5 5. Bg2 Ng4 6. e3 d6 7. 0-0 Nf6 8. d4 exd4 9. exd4 Bb4 10. Re1+ Ne7 11. Qa4+ c6 12. Qxb4 0-0 13. Bg5 1-0